Rixes entre bandes, de nos jours. De la vengeance à la justice (notice n° 1605636)
[ vue normale ]
| 000 -LEADER | |
|---|---|
| fixed length control field | 02028cam a2200181 4500500 |
| 005 - DATE AND TIME OF LATEST TRANSACTION | |
| control field | 20251228095117.0 |
| 041 ## - LANGUAGE CODE | |
| Language code of text/sound track or separate title | fre |
| 042 ## - AUTHENTICATION CODE | |
| Authentication code | dc |
| 100 10 - MAIN ENTRY--PERSONAL NAME | |
| Personal name | Bouit, Delphine |
| Relator term | author |
| 245 00 - TITLE STATEMENT | |
| Title | Rixes entre bandes, de nos jours. De la vengeance à la justice |
| 260 ## - PUBLICATION, DISTRIBUTION, ETC. | |
| Date of publication, distribution, etc. | 2021.<br/> |
| 500 ## - GENERAL NOTE | |
| General note | 100 |
| 520 ## - SUMMARY, ETC. | |
| Summary, etc. | De nos jours, les rixes entre bandes sont le fait de très jeunes gens, lesquels ne savent pas expliquer leur violence, sauf à dire qu’ils agressent par vengeance. La justice venant après la vengeance, l’analyse de ce qui est dit et constaté devant les tribunaux permet de mieux comprendre le phénomène. La vengeance collective actuelle, si elle présente des caractéristiques de la vengeance individuelle, ne contient-elle pas un secret qu’il est bon que la justice appréhende, afin que soit initiée une démarche de prévention ? |
| 520 ## - SUMMARY, ETC. | |
| Summary, etc. | Nowadays, gang fights are due to very young people who cannot explain the reasons for their violence except by saying it is a means of revenge. With justice following upon vengeance, analysing what has been said and observed in court helps us understand this phenomenon. Though collective and individual acts of revenge share some features, collective revenge may contain a secret which justice should comprehend so that preventive measures can be launched. |
| 520 ## - SUMMARY, ETC. | |
| Summary, etc. | As rixas entre grupos constituem hoje um fenómeno que acontece essencialmente entre jovens que não conseguem explicar a violência que exercem a não ser pela vingança. Sucedendo a justiça à vingança, a análise das palavras trocadas em tribunal permite uma compreensão mais profunda deste fenómeno. Apesar de apresentar as características da vingança individual, não terá a vingança coletiva uma natureza ainda secreta que a justiça deveria questionar de modo a criar estratégias de prevenção ? |
| 786 0# - DATA SOURCE ENTRY | |
| Note | Sigila | 48 | 2 | 2021-12-06 | p. 71-82 | 1286-1715 |
| 856 41 - ELECTRONIC LOCATION AND ACCESS | |
| Uniform Resource Identifier | <a href="https://shs.cairn.info/revue-sigila-2021-2-page-71?lang=fr&redirect-ssocas=7080">https://shs.cairn.info/revue-sigila-2021-2-page-71?lang=fr&redirect-ssocas=7080</a> |
Pas d'exemplaire disponible.




Réseaux sociaux